Interesting times : a twentieth-century life /

Podrobná bibliografie
Hlavní autor: Hobsbawm, E. J. (Eric J.), 1917-
Médium: Kniha
Jazyk:English
Vydáno: New York : Pantheon Books c2002.[reprinted 2005]
Vydání:1st American ed.
Témata:
Classic Catalogue: View this record in Classic Catalogue
LEADER 01053nam a2200265 a 4500
001 000599836
008 021018r20052002nyuaf b 001 0aeng d
010 |a  2002192691 
020 |a 037542234X 
040 |a DLC  |c DLC  |d FNP 
082 0 0 |a 909.82/092  |a B  |2 21 
100 1 |a Hobsbawm, E. J.  |q (Eric J.),  |d 1917- 
245 1 0 |a Interesting times :  |b a twentieth-century life /  |c Eric Hobsbawm. 
250 |a 1st American ed. 
260 |a New York :  |b Pantheon Books  |c c2002.[reprinted 2005] 
300 |a xiv, 447 p., [16] p. of plates :  |b ill. ;  |c 25 cm. 
504 |a Includes bibliographical references and index. 
541 1 |e 00016561 
600 1 0 |a Hobsbawm, E. J.  |q (Eric J.),  |d 1917- 
650 0 |a Historians  |z Great Britain  |v Biography. 
650 0 |a History, Modern  |y 20th century. 
650 0 |a Twentieth century. 
852 4 |a Ayesha Abed Library   |j General Shelf. 
999 |c 2768  |d 2768 
952 |0 0  |1 0  |2 ddc  |4 0  |6 909_820920000000000_HOB  |7 0  |9 2542  |a BRACUL  |b BRACUL  |c GEN  |d 2009-07-23  |g 1019.00  |l 3  |m 5  |o 909.82092 HOB  |p 3010016561  |r 2023-07-16  |s 2022-01-30  |t 1  |w 2009-07-23  |y BK